000 00667 a2200193 4500
001 35893
005 20260407155637.0
008 260407a1976 arg spa d
003 AR-UNSa-BCEJYS
040 _aAR-UNSa-BCEJYS
_bspa
_cAR-UNSa-BCEJYS
080 _a658.312.4
_xEducación y adiestramiento (capacitación, formación, carrera...)
245 1 0 _aCapacitación y desarrollo de personal
264 1 _aMéxico :
_bLimusa
_c1976
300 _a127 p.
_c23 cm.
505 _a1. Conceptos generales - 2. El proceso logico de la función de capacitación - 3. El instructor.
942 _cBK
590 _aniveau_biblio:m niveau_hierar:0
100 1 _aSiliceo, Alfonso
999 _c2588
_d2588